Statistics for General Knowledge Quiz #1

Click here to take the quiz!

General Stats

  • This quiz has been taken 105 times
  • The average score is 5 of 20

Answer Stats

HintAnswer% Correct
Who's the king of pop?Michael Jackson
74%
What is the national emblem of Canada ?Maple Leaf
70%
Stadium of Manchester United?Old Trafford
51%
In the song `The 12 days of Christmas`, what are the 6 geese a-doing ?laying
49%
What is the national animal of Scotland?Unicorn
45%
If you happened to be plaining and pearling what would you be doing ?Knitting
35%
What girls name is also the term used to describe a female donkey ?Jenny
30%
Name the king who failed to keep an eye on things in the battle of Haistings?Harold
29%
On his egg deliveries, farmer Fred sets off with 400 eggs. At the first delivery he drops off 5 doz` at the second, 12 doz` and at the last one he delivers 15 doz`. How many eggs does he take home to his brooding wife ?16
27%
Who's the premier league top scorer of all time?Alan Shearer
24%
Who's the lead singer of ACDC?Brian Johnson
15%
Whats the capital city of Thailand?Bangcock
14%
If a snail climbed up a 12 ft wall at a steady rate of 3 feet a day, but slipped down 2ft every night, how many days would it take him to reach the top ?10 days
12%
Name the fruit which earned its name from the way it hung in bunches like grapes ?Grapefruit
11%
'Finished with my woman, cause she couldn't help me with my mind'Paranoid
10%
How many old pennies were there in a Groat?Four
6%
What World War II operation was code named `Dynamo` ?Evacuation of Dunkirk
4%
What would a tailor do with his hot plonker ?Iron Cloth
4%
In cricket, where would you find the chain ?Between the wickets
2%
What would a farmer do with his mangelwurzel ?feed it his animals
1%

Score Distribution

Percentile by Number Answered

Percent of People with Each Score

Your Score History

You have not taken this quiz